<?xml version="1.0" encoding="UTF-8"?>
<marc:record xmlns:marc="http://www.loc.gov/MARC21/slim">
   <marc:leader>00000nam a2200000 a 4500</marc:leader>
   <marc:datafield ind1="1" ind2=" " tag="100">
      <marc:subfield code="a">Neumann-Adrian, Edda</marc:subfield>
      <marc:subfield code="4">ctb</marc:subfield>
      <marc:subfield code="e">Mitwirkende/-r</marc:subfield>
   </marc:datafield>
   <marc:datafield ind1="1" ind2=" " tag="100">
      <marc:subfield code="a">Neumann-Adrian, Michael</marc:subfield>
      <marc:subfield code="4">ctb</marc:subfield>
      <marc:subfield code="e">Mitwirkende/-r</marc:subfield>
   </marc:datafield>
   <marc:datafield ind1=" " ind2=" " tag="653">
      <marc:subfield code="a">Weinberge</marc:subfield>
   </marc:datafield>
   <marc:datafield ind1=" " ind2=" " tag="653">
      <marc:subfield code="a">Reiseführer</marc:subfield>
   </marc:datafield>
   <marc:datafield ind1=" " ind2=" " tag="653">
      <marc:subfield code="a">Burgund</marc:subfield>
   </marc:datafield>
   <marc:datafield ind1=" " ind2=" " tag="653">
      <marc:subfield code="a">Frankreich</marc:subfield>
   </marc:datafield>
   <marc:datafield ind1=" " ind2=" " tag="653">
      <marc:subfield code="a">Kirchen</marc:subfield>
   </marc:datafield>
   <marc:datafield ind1=" " ind2=" " tag="653">
      <marc:subfield code="a">Romanik</marc:subfield>
   </marc:datafield>
   <marc:datafield ind1=" " ind2=" " tag="653">
      <marc:subfield code="a">Dijon</marc:subfield>
   </marc:datafield>
   <marc:datafield ind1=" " ind2=" " tag="653">
      <marc:subfield code="a">Burgen</marc:subfield>
   </marc:datafield>
   <marc:datafield ind1=" " ind2=" " tag="653">
      <marc:subfield code="a">Cluny</marc:subfield>
   </marc:datafield>
   <marc:datafield ind1=" " ind2=" " tag="653">
      <marc:subfield code="a">Softcover / Reiseführer/Europa</marc:subfield>
   </marc:datafield>
   <marc:datafield ind1=" " ind2=" " tag="653">
      <marc:subfield code="a">Führer</marc:subfield>
   </marc:datafield>
   <marc:datafield ind1="0" ind2="0" tag="245">
      <marc:subfield code="a">Burgund</marc:subfield>
   </marc:datafield>
   <marc:datafield ind1="0" ind2="0" tag="245">
      <marc:subfield code="b">Burgen und Schlösser, Naturerlebnisse, Weingüter, Museen, Kirchen und Abteien, Hotels, Restaurants ; die Top-Tipps führen Sie zu den Highlights ; [jetzt mit Maxi-Klappkarten</marc:subfield>
   </marc:datafield>
   <marc:datafield ind1="0" ind2="0" tag="245">
      <marc:subfield code="c">von Edda und Michael Neumann-Adrian. [Red.-Leitung: Jens van Rooij</marc:subfield>
   </marc:datafield>
   <marc:datafield ind1=" " ind2="1" tag="264">
      <marc:subfield code="a">München</marc:subfield>
      <marc:subfield code="b">Travel-House-Media</marc:subfield>
      <marc:subfield code="c">2014</marc:subfield>
   </marc:datafield>
   <marc:datafield ind1="1" ind2=" " tag="490">
      <marc:subfield code="a">ADAC-Reiseführer</marc:subfield>
   </marc:datafield>
   <marc:datafield ind1=" " ind2=" " tag="250">
      <marc:subfield code="a">Neu bearb. Aufl.</marc:subfield>
   </marc:datafield>
   <marc:datafield ind1="1" ind2=" " tag="520">
      <marc:subfield code="a">Angaben aus der Verlagsmeldung

ADAC Reiseführer Burgund / von Edda Neumann-Adrian, Michael Neumann-Adrian

Burgund - Das ist das Land der Kirchen und Keller, denn in dieser weinverliebten Region ist der Keller der wichtigste Teil des Hauses und die Treppe führt hinab ins Paradies, sagt man jedenfalls. Kunsthistorisch kommen Liebhaber romanischer und gotischer Kirchen hier voll auf ihre Kosten. Stellvertretend für viele Bauwerke sei nur der Ort Auxois mit seinen Schlössern und Abteien genannt. Er liegt in der Region Côte d'Or wo die herrlichen
Burgunder-Reben gedeihen. Eine besondere Attraktion ist das vor 200 Jahren entstandene Kanalnetz, auf dem Freizeitkapitäne aus ganz Europa mit ihren Hausbooten gemütlich entlang schippern. Viele kleine Städte wie Louhans begeistern mit ihrer Fachwerkarchitektur und der Naturpark Morvan ist ein herrliches Waldwandergebirge.

++ Das bietet der ADAC Reiseführer: detaillierte und umfassende Informationen zu allen Sehenswürdigkeiten auf 144 Seiten ++ 35 ADAC Top Tipps zu den touristischen Highlights ++ 130 brillante Abbildungen der Region ++ Empfehlungen zu Hotels, Restaurants und Einkaufsmöglichkeiten ++ praktische Spiralbindung für eine einfache Handhabung ++ große Maxi-Klappkarten für optimale Orientierung ++ Cityplan auf der Außenklappe sowie viele weitere Detail- und Übersichtskarten im Innenteil.
</marc:subfield>
   </marc:datafield>
   <marc:datafield ind1=" " ind2=" " tag="020">
      <marc:subfield code="a">9783956899737</marc:subfield>
      <marc:subfield code="9">9783956899737</marc:subfield>
   </marc:datafield>
   <marc:datafield ind1=" " ind2=" " tag="020">
      <marc:subfield code="a">3956899733</marc:subfield>
      <marc:subfield code="9">3956899733</marc:subfield>
   </marc:datafield>
   <marc:datafield ind1=" " ind2=" " tag="041">
      <marc:subfield code="a">ger</marc:subfield>
   </marc:datafield>
   <marc:datafield ind1=" " ind2=" " tag="300">
      <marc:subfield code="a">143 S.</marc:subfield>
   </marc:datafield>
</marc:record>
